Art - General Knowledge #2 - Statistics

General Stats
  • This quiz has been taken 373 times
  • The average score is 9 of 15
Answer Stats
Hint Answer % Correct
Painted sunflowers Vincent van Gogh
94%
Painted Waterlilies Claude Monet
92%
Painter of Sistine Chapel Michelangelo
85%
Painted 'Guernica' Pablo Picasso
85%
Art movement of Picasso, Léger and Braque Cubism
84%
Art movement of Monet, Manet and Renoir Impressionism
78%
Painted 'The Kiss' Gustav Klimt
70%
Vitruvian man Leonardo da Vinci
70%
Painted self-portraits, known for surrealism and indigenous mexican tradition Frida Kahlo
65%
Famous for painting life & women of Tahiti Paul Gauguin
56%
City of the Eremitage Museum (the biggest and most famous) Saint Petersburg
40%
Famous for painting enlarged flowers Georgia O'Keeffe
34%
Architect of Guggenheim Museum in New York Frank Lloyd Wright
33%
Pop artist inspired by comic strips & comics Roy Lichtenstein
32%
His painting "No.6 (Violet, Green and Red)" sold for 186 million $ in 2014 Mark Rothko
23%
No matching quizzes found
Score Distribution
Percent of People with Each Score
Percentile by Number Answered
Your Score History
You have not taken this quiz